000 00956nam a2200289 i 4500
001 C2-0233366
003 PPAK
005 20180728090522.0
008 010513s2000 my |||| ||||| | eng d
020 _a967942461X
040 _aPPAK
_beng
_cPPAK
_erda
082 0 4 _a899.2309
_223
090 0 0 _a899.2309
_bAVE
_dG
090 0 0 _a899.2309
_bAVE
_dKK
090 0 0 _a899.2309
_bAVE
_dKMI
100 1 _aAveling, Harry,
_eauthor
245 1 0 _aShahnon Ahmad :
_bIslam, power and gender
264 1 _aBangi, Selangor :
_bUniversiti Kebangsaan Malaysia ,
_c2000
300 _a232 pages ;
_c23 cm
336 _2rdacontent
_atext
337 _2rdamedia
_aunmediated
338 _2rdacarrier
_avolume
490 1 _aSiri pemikiran Bangi
650 1 0 _aShahnon Ahmad, Datuk Haji, 1933 - Religion. ; Shahnon Ahmad, Datuk Haji, 1933 - Criticism and interpretation. ; Malay literature - History and criticism.
830 0 _aSiri pemikiran Bangi
942 _ddc
_cB
999 _c152315
_d152315